000
00252nam a22000977a 4500
008
170113b xxu||||| |||| 00| 0 eng d
041
_a
eng
080
_a
618.2
245
_a
EXAMINATION AND DIAGNOSIS OF PERIODONTAL DISEASE
_c
RATCLIFF, P.A
942
_2
udc
_c
BK
999
_c
2849
_d
2849